[Event "Vienna Advent op"]
[Site "Vienna"]
[Date "2023.12.17"]
[Round "7"]
[White "Hrdina, Karl"]
[Black "Balogh, Gerda1"]
[Result "1-0"]
[WhiteElo "1812"]
[BlackElo "1492"]
[PlyCount "51"]
[EventDate "2023.12.11"]
[EventType "swiss"]
[EventRounds "7"]
[EventCountry "AUT"]
[SourceTitle "CB51_2023"]
[SourceDate "2023.12.20"]
[SourceVersion "1"]
[SourceVersionDate "2023.12.20"]
[SourceQuality "1"]

1. d4 d5 2. Nf3 Nf6 3. e3 Bf5 4. Bd3 Be4 5. c4 dxc4 6. Bxc4 e6 7. 0-0 Nbd7 8. Nc3 Bc6 9. Qe2 a6 10. e4 Nb6 11. Bd3 h6 12. a3 Be7 13. Be3 Nbd7 14. Rac1 0-0 15. h3 b6 16. Bf4 Bb7 17. Rfd1 g5 18. Bg3 Nh5 19. Bh2 Ng7 20. d5 Bd6 21. e5 Be7 22. Qe4 f5 23. exf6 Rxf6 24. Qh7+ Kf7 25. dxe6+ Kf8 26. Qh8# 1-0

[Event "Vienna Advent op"]
[Site "Vienna"]
[Date "2023.12.15"]
[Round "5"]
[White "Somasundram, Jayakumar"]
[Black "Hrdina, Karl"]
[Result "0-1"]
[WhiteElo "1781"]
[BlackElo "1812"]
[PlyCount "126"]
[EventDate "2023.12.11"]
[EventType "swiss"]
[EventRounds "7"]
[EventCountry "AUT"]
[SourceTitle "CB51_2023"]
[SourceDate "2023.12.20"]
[SourceVersion "1"]
[SourceVersionDate "2023.12.20"]
[SourceQuality "1"]

1. e4 e5 2. Nc3 Nf6 3. Bc4 Be7 4. d3 d6 5. f4 c6 6. fxe5 dxe5 7. Nf3 0-0 8. Nxe5 b5 9. Bb3 a5 10. 0-0 Qd4+ 11. Kh1 Qxe5 12. a3 Bg4 13. Qe1 a4 14. Bf4 Qd4 15. Ba2 Na6 16. Qg3 Qd7 17. Be5 Nh5 18. Qf2 Be6 19. Bb1 Bf6 20. Bxf6 Nxf6 21. h3 Rad8 22. Ne2 h6 23. c3 Qd6 24. Qe3 Qe5 25. d4 Qg5 26. Qd3 Bc4 27. Qc2 Qe3 28. Rxf6 Qxe2 29. Qxe2 Bxe2 30. Rxc6 Nb8 31. Rc7 Rd7 32. Rc5 Rd6 33. Ba2 Rc6 34. Rf5 Nd7 35. Re1 Bd3 36. Re3 Bc4 37. Bxc4 bxc4 38. Ra5 Rb8 39. Re2 Nb6 40. Rb5 Kf8 41. Rf2 g6 42. Kg1 Ke7 43. e5 Rd8 44. Rf6 Kd7 45. d5 Rxf6 46. exf6 Kc7 47. Rc5+ Kb7 48. Rb5 Rxd5 49. Rb4 Kc6 50. g4 g5 51. Kf2 Rd6 52. Kg3 Rxf6 53. Kg2 Rd6 54. Kf3 Re6 55. Kf2 Re5 56. Kf3 f5 57. gxf5 Rxf5+ 58. Kg3 h5 59. Kg2 Rb5 60. Rxb5 Kxb5 61. Kf3 Nd5 62. Ke4 Kc5 63. Ke5 g4 0-1

[Event "Prague op 17th"]
[Site "Prague"]
[Date "2018.01.13"]
[Round "3"]
[White "Makoveev, Ilya"]
[Black "Hrdina, Karl"]
[Result "1-0"]
[WhiteElo "2196"]
[BlackElo "1856"]
[PlyCount "59"]
[EventDate "2018.01.12"]
[EventType "swiss"]
[EventRounds "9"]
[EventCountry "CZE"]
[SourceTitle "CBM 182 Extra"]
[Source "ChessBase"]
[SourceDate "2018.02.23"]
[SourceVersion "1"]
[SourceVersionDate "2018.02.23"]
[SourceQuality "1"]

1. e4 e5 2. Nf3 Nc6 3. Bc4 Bc5 4. 0-0 Nf6 5. d3 0-0 6. a4 d5 7. exd5 Nxd5 8. Re1 Nb6 9. Bb3 Qf6 10. a5 Nd7 11. c3 h6 12. Nbd2 Qf5 13. Bc2 Qh5 14. Ne4 Be7 15. Ng3 Qg4 16. d4 f5 17. h3 Qg6 18. dxe5 Nc5 19. b4 Ne6 20. b5 Ncd8 21. Nd4 Nxd4 22. cxd4 c6 23. bxc6 bxc6 24. d5 Bc5 25. Ba3 Bxa3 26. Rxa3 Nf7 27. e6 Nd6 28. dxc6 Nb5 29. e7 Re8 30. Qd5+ 1-0

[Event "Prague op-B 13th"]
[Site "Prague"]
[Date "2014.??.??"]
[Round "2"]
[White "Londyn, Radek"]
[Black "Hrdina, Karl"]
[Result "0-1"]
[WhiteElo "1405"]
[BlackElo "1915"]
[PlyCount "114"]
[EventDate "2014.01.10"]
[EventType "swiss"]
[EventRounds "9"]
[EventCountry "CZE"]
[SourceTitle "CBM 158 Extra"]
[Source "ChessBase"]
[SourceDate "2014.02.28"]
[SourceVersion "1"]
[SourceVersionDate "2014.02.28"]
[SourceQuality "1"]

1. e4 e5 2. Nf3 Nc6 3. d4 exd4 4. Nxd4 Bc5 5. Be3 Qf6 6. c3 Nge7 7. Bc4 d6 8. 0-0 Ne5 9. Be2 Qg6 10. Bf3 Nxf3+ 11. Qxf3 Bd7 12. Nd2 0-0 13. N2b3 Bb6 14. Rac1 Rae8 15. Rfe1 Nc6 16. Bf4 Ne5 17. Qe2 a6 18. Bg3 Bg4 19. f3 Bd7 20. Kh1 Kh8 21. Red1 Qh5 22. c4 Nc6 23. Qc2 f5 24. Nxc6 Bxc6 25. c5 dxc5 26. Nxc5 fxe4 27. Nxe4 Rxf3 28. gxf3 Qxf3+ 29. Qg2 Bxe4 30. Rd2 Qxg2+ 31. Rxg2 Bxg2+ 32. Kxg2 Re2+ 33. Kf1 Rxb2 34. Bxc7 Bxc7 35. Rxc7 h6 36. h4 Rxa2 37. Rxb7 Rh2 38. Ra7 Rxh4 39. Rxa6 Rg4 40. Kf2 Kh7 41. Kf3 h5 42. Rd6 g6 43. Rd5 Kh6 44. Ra5 Rg1 45. Kf4 g5+ 46. Ke4 h4 47. Ra6+ Kh5 48. Kf5 Rf1+ 49. Ke4 h3 50. Ra2 Kh4 51. Rh2 g4 52. Ke3 Kg3 53. Ke2 Rb1 54. Rf2 Rb2+ 55. Ke1 Rxf2 56. Kd1 h2 57. Ke1 h1R# 0-1

[Event "Vienna Tschaturanga op"]
[Site "Vienna"]
[Date "2013.05.09"]
[Round "4"]
[White "Behling, Robert"]
[Black "Hrdina, Karl"]
[Result "1-0"]
[WhiteElo "2145"]
[BlackElo "1934"]
[PlyCount "103"]
[EventDate "2013.05.06"]
[EventType "swiss"]
[EventRounds "7"]
[EventCountry "AUT"]
[SourceTitle "CBM 154 Extra"]
[Source "ChessBase"]
[SourceDate "2013.06.25"]
[SourceVersion "2"]
[SourceVersionDate "2013.06.25"]
[SourceQuality "1"]

1. c4 Nf6 2. Nc3 c6 3. e4 d5 4. exd5 cxd5 5. d4 g6 6. Qb3 Nc6 7. cxd5 Nb8 8. Be2 Bg7 9. Bf3 0-0 10. Nge2 Na6 11. 0-0 Nc7 12. Bf4 a6 13. Rac1 Nce8 14. Na4 b5 15. d6 bxa4 16. Qa3 Nxd6 17. Bxd6 exd6 18. Bxa8 Bg4 19. Bf3 Bf5 20. Qxa4 Qb6 21. b3 Bd3 22. Rfd1 Bb5 23. Qb4 a5 24. Qd2 Rd8 25. Nc3 Bd7 26. Qf4 h5 27. Nd5 Nxd5 28. Bxd5 Bf5 29. h3 Qb5 30. Qf3 Qd7 31. Rc6 Qe7 32. Qc3 Qg5 33. Rc7 Rf8 34. Qe3 Qd8 35. Qe7 Bf6 36. Qxd8 Bxd8 37. Ra7 Bc8 38. Ra8 Bb6 39. Rc1 Bd7 40. Rxf8+ Kxf8 41. Rd1 f5 42. f4 Kg7 43. Kf2 h4 44. Ke3 Kf6 45. Rc1 g5 46. Bc6 gxf4+ 47. Kd3 Bc8 48. Re1 Ba6+ 49. Kc3 Bd8 50. Re8 Be7 51. Ra8 Be2 52. Rxa5 1-0

[Event "Vienna Kavalier op 4th"]
[Site "Vienna"]
[Date "2009.11.01"]
[Round "5"]
[White "Hrdina, Karl"]
[Black "Reinwald, Patrick"]
[Result "0-1"]
[WhiteElo "1985"]
[BlackElo "2097"]
[PlyCount "35"]
[EventDate "2009.10.29"]
[EventType "swiss"]
[EventRounds "5"]
[EventCountry "AUT"]
[SourceTitle "EXT 2010"]
[Source "ChessBase"]
[SourceDate "2010.11.25"]
[SourceVersion "1"]
[SourceVersionDate "2010.11.25"]
[SourceQuality "1"]

1. d4 Nf6 2. Nf3 e6 3. c4 Bb4+ 4. Nc3 b6 5. a3 Bxc3+ 6. bxc3 0-0 7. Bg5 h6 8. Bh4 Bb7 9. e3 d6 10. Bd3 Nbd7 11. e4 e5 12. 0-0 g5 13. Bg3 Nxe4 14. h4 Nxg3 15. Nxg5 Nxf1 16. Qh5 Qf6 17. Rd1 Qg7 18. Nh7 0-1

[Event "Karlovy Vary op"]
[Site "Karlovy Vary"]
[Date "2009.05.03"]
[Round "7"]
[White "Hrdina, Karl"]
[Black "Bechynsky, Jan"]
[Result "1/2-1/2"]
[WhiteElo "1973"]
[BlackElo "1769"]
[PlyCount "129"]
[EventDate "2009.04.29"]
[EventType "swiss"]
[EventRounds "7"]
[EventCountry "CZE"]
[SourceTitle "CBM 130 Extra"]
[Source "ChessBase"]
[SourceDate "2009.07.02"]
[SourceVersion "2"]
[SourceVersionDate "2009.07.15"]
[SourceQuality "1"]

1. d4 d5 2. Nf3 Nf6 3. c4 e6 4. Nc3 Be7 5. Bf4 0-0 6. h3 c5 7. e3 Nc6 8. Bd3 cxd4 9. exd4 dxc4 10. Bxc4 b6 11. 0-0 Bb7 12. a3 Rc8 13. Ba2 Qd7 14. Qd3 Rfd8 15. Rad1 Nd5 16. Nxd5 exd5 17. Rfe1 Bf6 18. b4 Re8 19. Bb3 Ne7 20. Be5 Bxe5 21. Nxe5 Qf5 22. Qe3 Ng6 23. Ba4 Re7 24. Qf3 Qxf3 25. Nxf3 Rxe1+ 26. Rxe1 Kf8 27. g3 a6 28. Bd7 Rd8 29. Bf5 Ne7 30. Bd3 Rc8 31. Re3 Rc3 32. Ne5 Bc8 33. a4 Ra3 34. b5 Rxa4 35. bxa6 Bxa6 36. Nd7+ Ke8 37. Nxb6 Ra1+ 38. Kh2 Bxd3 39. Nxd5 Ra7 40. Nxe7 Rxe7 41. Rxd3 Kd7 42. Re3 Re6 43. Kg2 Kd6 44. Rxe6+ fxe6 45. Kf3 Kd5 46. Ke3 e5 47. dxe5 Kxe5 48. f4+ Kf5 49. g4+ Kf6 50. Ke4 Ke6 51. f5+ Kf6 52. h4 h6 53. Kf4 Kf7 54. g5 hxg5+ 55. Kxg5 Kg8 56. Kg6 Kh8 57. Kf7 Kh7 58. Kf8 Kh6 59. Kf7 Kh7 60. h5 Kh8 61. Kg6 Kg8 62. Kg5 Kf7 63. Kg4 Kf6 64. Kf4 Ke7 65. Ke5 1/2-1/2